000 01088nam a2200217 i 4500
001 174937
003 ES-MaACL
005 20231216062913.0
008 100716s1975 po |||| | spa d
080 _a94(594.31)(063)
100 1 _aPérez de Tudela y Bueso, Juan,
_d1922-2004
_990810
245 1 3 _aLa especería de Castilla, nota política en la política indiana
_b: (consideraciones sobre la implicación atlántica en la gesta del Pacífico) /
_cpor Juan Pérez de Tudela y Bueso.
260 _aLisboa :
_bJunta de Investigações Científicas do Ultramar,
_c1975.
300 _aP. [629]-687 ;
_c28 cm.
595 _aSeparata de: A viagem de Fernão de Magalhães e a questão das Molucas. Junta de Investigações Científicas do Ultramar (Centro de Estudos de Cartografia Antiga; n. 16)
600 1 4 _aMagallanes, Fernando de (
_dm. 1521)
_9143242
651 4 _aAmérica española-
_xComercio exterior-
_zEspaña.
_9168845
710 2 _aJunta de Investigações Científicas do Ultramar (Portugal)
_9143240
852 4 _aES-MaACL
_j2280-F-13
999 _c174937
_d174937